000 01277cam a2200373 i 4500
001 21524083
003 NUST
005 20250624111023.0
008 200507s2021 maua b 001 0beng
010 _a 2020015192
020 _a9783945852262
_q(hardcover)
038 _aMalang jan
040 _aDLC
_beng
_erda
_cDLC
_dDLC
042 _apcc
043 _an-us---
050 0 0 _aTS140.P28
_bC59 2021
082 0 0 _a745.2
_223
245 0 0 _aVictor Papanek :
_bthe politics of design /
_c(Editor) Mateo Kries , Amelie Klein, Alison Clarke.
260 _bVitra Design Museum;
_c2018.
264 _bVitra Design Museum;
_c2018.
300 _a345 p.:
_billustrations (some color) ;
_c24 cm
337 _bn
504 _aIncludes bibliographical references (pages 281-324) and index.
600 1 0 _aPapanek, Victor J.
_932637
600 1 0 _aPapanek, Victor J.
_xInfluence.
_9129159
650 0 _aIndustrial designers
_933662
650 0 _aIndustrial design
_xSocial aspects.
_9118940
700 1 _aKries, Mateo
_9129160
700 1 _aKlein,Amelie
_9129161
700 1 _aClarke, Alison
_9129162
906 _a7
_bcbc
_corignew
_d1
_eecip
_f20
_gy-gencatlg
942 _2ddc
_cBK
_h745.2
999 _c613876
_d613876